Pokémon - Les attaques de Bouldeneu - Statistiques

Statistiques générales
  • Ce quiz a été pris 17 fois
  • Le résultat moyen est 12 sur 17
Statistiques - réponses
Niveaux Types Noms des attaques % Correct
Départ Plante Para-Spore
100%
Niveau 36 Plante Poudre Dodo
100%
Niveau 16 Plante Fouet Lianes
88%
Niveau 48 Plante Mégafouet
88%
Niveau 12 Plante Méga-Sangsue
88%
Niveau 20 Poison Poudre Toxik
88%
Niveau 24 Roche Pouvoir Antique
88%
Départ Normal Croissance
75%
Niveau 32 Plante Giga-Sangsue
75%
Niveau 52 Plante Racines
75%
Départ Plante Vol-Vie
75%
Départ Normal Étreinte
63%
Niveau 28 Ténèbres Sabotage
63%
Niveau 40 Normal Souplesse
63%
Niveau 56 Plante Champ Herbu
38%
Niveau 44 Normal Chatouille
25%
Départ Normal Barrage
0%
Aucun quiz correspondant
Distribution des résultats
% des personnes avec chaque résultat
Percentile par nombre de réponses
Votre historique - résultats
Vous n’avez pas pris ce quiz